000 00927nam a22003017a 4500
001 5103
003 FISKH
005 20250820100832.0
008 241106b cb ||||| |||| 00| 0 eng d
020 _a9780789485151
040 _aFISKH
_beng
_cFISKH
_dFISKH
050 _aQL737.C424
082 _a599.5
100 _aJenner, Caryn
_d(1949-)
245 _aJourney of a humpback whale /
_cWritten by Caryn Jenner
250 _aFirst edition in 2002
260 _aNew York :
_bDK Publishing,
_c2002.
300 _a32 pages :
_bcolor illustrations ;
_c22 cm
490 _aDK readers :
_vBeginning to read alone 2.
505 _aN
520 _aFollows a humpback whale as he swims from the Caribbean Sea to the far north of the Atlantic Ocean.
521 8 _a590
_bLexile
521 8 _aN
_bRaz-Plus
650 _2Whales
_aOcean
_vMammals
650 _2Science
_aAnimals
942 _2ddc
_cBK
_n0
999 _c5103
_d5103